000 00330nam a2200145Ia 4500
003 Ost
005 20260225132546.0
008 260225s9999||||xx |||||||||||||| ||und||
040 _cfsic
041 _afre
082 _a440
245 0 _aDictionnaire bilingue d'informatique :
245 0 _bAnglais-Français /
942 _cكتاب
999 _c33851
_d33851